000 00458nam a2200181Ia 4500
005 20250508151529.0
008 008 250505s9999 xx 000 0 eng d
037 _aTextual
040 _aFEDL
_beng
_cFEDL
041 _aeng
_2eng
084 _aB, SHA
_qFEDL
100 _aWard A C
245 0 _aBernard Show
260 _aLondon, UK
_bLongmans, Green and Co.
_c1951
300 _a56p
942 _cTEXL
_hB, SHA
999 _c1330390
_d1330390